[Event "14. Abierto de la Constitucion"]
[Site "San Sebastian delos Reyes ESP"]
[Date "2012.12.02"]
[Round "2.6"]
[White "Cavalle Pulla, Daniel"]
[Black "Perez Gonzalez, Jesus Miguel"]
[Result "1-0"]
[WhiteElo "2016"]
[BlackElo "1809"]
[PlyCount "73"]
[EventDate "2012.12.01"]
[EventType "swiss"]
[EventRounds "9"]
[EventCountry "ESP"]
[Source "lmi"]
[SourceDate "2012.12.01"]

1. e4 g6 2. d4 Bg7 3. Be3 d6 4. Qd2 Nd7 5. Nc3 e5 6. Nf3 exd4 7. Nxd4 Ndf6 8.
Bc4 a6 9. a4 Ng4 10. Bg5 f6 11. Bh4 Ne5 12. Bb3 c5 13. Nde2 c4 14. Ba2 Be6 15.
Rd1 Nf7 16. Nd5 b5 17. Nd4 Bxd5 18. exd5 Bh6 19. Qb4 Qb6 20. Bxc4 Qc5 21. Qxc5
dxc5 22. Ne6 Rb8 23. axb5 Nd6 24. Bg3 Rb6 25. Bxd6 Rxd6 26. bxa6 Ne7 27. Nxc5
Nc8 28. Nb7 Kd7 29. Bb5+ Kc7 30. Nxd6 Kxd6 31. O-O Na7 32. c4 Rb8 33. b4 Kc7
34. Rfe1 Nxb5 35. cxb5 Bf8 36. Re6 Rxb5 37. d6+ 1-0

[Event "14. Abierto de la Constitucion"]
[Site "San Sebastian delos Reyes ESP"]
[Date "2012.12.02"]
[Round "2.7"]
[White "Alfaya Marcelo, Roberto"]
[Black "Esquivias Gomez, Francisco J"]
[Result "1/2-1/2"]
[WhiteElo "1758"]
[BlackElo "1981"]
[PlyCount "48"]
[EventDate "2012.12.01"]
[EventType "swiss"]
[EventRounds "9"]
[EventCountry "ESP"]
[Source "lmi"]
[SourceDate "2012.12.01"]

1. d4 f5 2. g3 g6 3. Bg2 Nf6 4. Nf3 Bg7 5. O-O O-O 6. c4 d6 7. Nc3 c6 8. d5 e5
9. dxe6 Bxe6 10. b3 Kh8 11. Bb2 Na6 12. Qd2 Qc7 13. Rad1 Rfd8 14. Nd4 Bg8 15.
Qc2 Nc5 16. e3 Rd7 17. Nce2 Re8 18. b4 Ne6 19. Nxe6 Bxe6 20. Nd4 Bf7 21. a4 a6
22. Nb3 Ne4 23. Bxg7+ Kxg7 24. c5 Bxb3 1/2-1/2

[Event "14. Abierto de la Constitucion"]
[Site "San Sebastian delos Reyes ESP"]
[Date "2012.12.02"]
[Round "2.8"]
[White "Martinez Miura, Enrique"]
[Black "Camarero Izquierdo, Juan C"]
[Result "0-1"]
[WhiteElo "1741"]
[BlackElo "1924"]
[PlyCount "96"]
[EventDate "2012.12.01"]
[EventType "swiss"]
[EventRounds "9"]
[EventCountry "ESP"]
[Source "lmi"]
[SourceDate "2012.12.01"]

1. e4 c5 2. Nc3 d6 3. Nf3 Nf6 4. d4 cxd4 5. Nxd4 a6 6. Be2 e6 7. O-O Be7 8. Be3
O-O 9. Qd2 Nbd7 10. Kh1 Qc7 11. f4 b5 12. e5 dxe5 13. fxe5 Nxe5 14. Bf4 b4 15.
Bxe5 Qxe5 16. Nc6 Qc7 17. Nxe7+ Qxe7 18. Nd1 Bb7 19. Bf3 Rad8 20. Qe2 Bxf3 21.
Rxf3 a5 22. Ne3 Qc5 23. Rd1 Qe5 24. Rxd8 Rxd8 25. Rf1 Nd5 26. Qf3 f6 27. Nc4
Qc7 28. b3 e5 29. h3 a4 30. Rd1 Nc3 31. Rxd8+ Qxd8 32. bxa4 e4 33. Qe3 Qd1+ 34.
Kh2 Qxc2 35. Qd4 h6 36. Qd8+ Kh7 37. Qd7 Qf2 38. Qd6 Ne2 39. Qd1 Nf4 40. Qg4 e3
41. Qf5+ Ng6 42. Nxe3 Qxe3 43. g3 Qd2+ 44. Kh1 Qc1+ 45. Kh2 Qb2+ 46. Kh1 Qa1+
47. Kh2 Qxa2+ 48. Kh1 b3 0-1

[Event "14. Abierto de la Constitucion"]
[Site "San Sebastian delos Reyes ESP"]
[Date "2012.12.02"]
[Round "2.9"]
[White "Marcos Herrero, Francisco"]
[Black "Gonzalez Berrendero, Carlos"]
[Result "1-0"]
[WhiteElo "1923"]
[BlackElo "1743"]
[PlyCount "125"]
[EventDate "2012.12.01"]
[EventType "swiss"]
[EventRounds "9"]
[EventCountry "ESP"]
[Source "lmi"]
[SourceDate "2012.12.01"]

1. d4 Nf6 2. c4 e6 3. g3 d5 4. Nf3 dxc4 5. Bg2 Nbd7 6. Qa4 c6 7. Qxc4 Nb6 8.
Qc2 Bb4+ 9. Nbd2 O-O 10. O-O Nbd5 11. a3 Ba5 12. Nc4 Bc7 13. Rd1 h6 14. e4 Nb6
15. Ne3 Qe7 16. b3 Rd8 17. a4 e5 18. Ba3 Qe8 19. dxe5 Rxd1+ 20. Rxd1 Bxe5 21.
Nxe5 Qxe5 22. Rd8+ Kh7 23. Bb2 Qe7 24. Bxf6 gxf6 25. e5+ f5 26. Rxc8 Nxc8 27.
Qxf5+ Kg7 28. Be4 Kf8 29. Qh7 Qxe5 30. Qxh6+ Ke8 31. Qh7 Ne7 32. Nc4 Qa1+ 33.
Kg2 Rd8 34. Qh5 Qf6 35. h4 Rd4 36. Bf3 Ng6 37. Qc5 a6 38. Qa7 Rd7 39. h5 Ne5
40. Qb8+ Rd8 41. Qxe5+ Qxe5 42. Nxe5 f6 43. Ng4 Kf7 44. Ne3 Rd3 45. Bd1 b5 46.
axb5 axb5 47. Kf3 Rd2 48. Bc2 c5 49. Be4 Rb2 50. Bc6 b4 51. g4 Kg7 52. Bd5 Rd2
53. Bc4 Kh6 54. Kg3 Kg7 55. f4 Kh7 56. Kf3 Rd4 57. Nc2 Rd2 58. Ne1 Rd4 59. Nd3
Kh6 60. Nxc5 f5 61. Nd3 fxg4+ 62. Kxg4 Re4 63. Nxb4 1-0

[Event "14. Abierto de la Constitucion"]
[Site "San Sebastian delos Reyes ESP"]
[Date "2012.12.02"]
[Round "2.10"]
[White "San Felipe Asis, Raquel"]
[Black "Gueler Berdasco, Martin"]
[Result "0-1"]
[WhiteElo "1683"]
[BlackElo "1921"]
[PlyCount "50"]
[EventDate "2012.12.01"]
[EventType "swiss"]
[EventRounds "9"]
[EventCountry "ESP"]
[Source "lmi"]
[SourceDate "2012.12.01"]

1. e4 c5 2. c3 d5 3. e5 Nc6 4. d4 Qc7 5. Nf3 Bf5 6. Bd3 Bxd3 7. Qxd3 e6 8. Be3
Nge7 9. O-O Nf5 10. Re1 c4 11. Qc2 b5 12. Nbd2 Be7 13. b3 Na5 14. Rab1 cxb3 15.
axb3 Rc8 16. g4 Nh4 17. Nxh4 Bxh4 18. Rec1 Be7 19. Qa2 O-O 20. Ra1 Nc6 21. b4
Ra8 22. Nb3 Rfb8 23. Nc5 Bxc5 24. dxc5 Nxe5 25. Bf4 Nf3+ 0-1

[Event "14. Abierto de la Constitucion"]
[Site "San Sebastian delos Reyes ESP"]
[Date "2012.12.02"]
[Round "2.13"]
[White "Garcia-Ruiz Fuentes, Angel M"]
[Black "Ballesteros Jimenez, Miguel A"]
[Result "1-0"]
[WhiteElo "1968"]
[BlackElo "1672"]
[PlyCount "107"]
[EventDate "2012.12.01"]
[EventType "swiss"]
[EventRounds "9"]
[EventCountry "ESP"]
[Source "lmi"]
[SourceDate "2012.12.01"]

1. e4 d5 2. exd5 Qxd5 3. Nc3 Qd6 4. d4 Nf6 5. Nf3 a6 6. g3 b5 7. Bg2 Bb7 8. O-O
e6 9. Re1 Nbd7 10. Bf4 Qb6 11. d5 Bc5 12. dxe6 Bxf2+ 13. Kf1 fxe6 14. Bxc7 Qxc7
15. Kxf2 Qb6+ 16. Qd4 Ng4+ 17. Kg1 Qxd4+ 18. Nxd4 Bxg2 19. Rxe6+ Kf7 20. Kxg2
Nge5 21. Rf1+ Kg8 22. Nc6 Ng6 23. Nd5 Nf6 24. Nxf6+ gxf6 25. Rexf6 Kg7 26. Rf7+
Kh6 27. Ne7 Nxe7 28. Rxe7 Rhf8 29. Rxf8 Rxf8 30. Re6+ Kg7 31. Rxa6 Rd8 32. Kh3
Rd2 33. Ra5 b4 34. Ra4 b3 35. cxb3 Rxb2 36. b4 Kf6 37. a3 Ke5 38. Ra5+ Kd6 39.
b5 Kc7 40. a4 Rb4 41. Ra7+ Kb6 42. Rxh7 Rxa4 43. Rh5 Ra3 44. Rf5 Rb3 45. Kh4
Rb4+ 46. g4 Re4 47. Kg5 Re8 48. h4 Rg8+ 49. Kf4 Rg7 50. g5 Rg8 51. h5 Rc8 52.
g6 Rc1 53. Kg5 Rg1+ 54. Kh6 1-0

[Event "14. Abierto de la Constitucion"]
[Site "San Sebastian delos Reyes ESP"]
[Date "2012.12.02"]
[Round "2.14"]
[White "Zuazua Conde, Ivan Javier"]
[Black "Gomez Ferrer, Jesus"]
[Result "0-1"]
[WhiteElo "1606"]
[BlackElo "1968"]
[PlyCount "74"]
[EventDate "2012.12.01"]
[EventType "swiss"]
[EventRounds "9"]
[EventCountry "ESP"]
[Source "lmi"]
[SourceDate "2012.12.01"]

1. d4 d5 2. c4 e6 3. Nc3 Nf6 4. Bg5 c6 5. e3 Nbd7 6. Nf3 Qa5 7. Nd2 dxc4 8.
Bxf6 Nxf6 9. Bxc4 Be7 10. O-O O-O 11. Qc2 Qh5 12. Be2 Qh6 13. Nce4 Nd5 14. Nf3
f6 15. a3 Kh8 16. Rfd1 Rb8 17. Rac1 g5 18. Nfd2 g4 19. Nc3 f5 20. Nc4 Rf6 21.
Nd2 Qh4 22. Nf1 Rh6 23. Nxd5 exd5 24. f4 Be6 25. Bd3 Qf6 26. Qa4 Rg8 27. g3 a6
28. Qb3 Bc8 29. Qc2 Rhg6 30. Kf2 h5 31. Nd2 h4 32. Rh1 Kg7 33. Nb3 Rh8 34. Rce1
Rgh6 35. Qc1 hxg3+ 36. hxg3 Rh2+ 37. Rxh2 Rxh2+ 0-1

[Event "14. Abierto de la Constitucion"]
[Site "San Sebastian delos Reyes ESP"]
[Date "2012.12.02"]
[Round "2.15"]
[White "Benito Mellado, Humberto"]
[Black "Montiel Miguelez, Manuel"]
[Result "0-1"]
[WhiteElo "1586"]
[BlackElo "1900"]
[PlyCount "74"]
[EventDate "2012.12.01"]
[EventType "swiss"]
[EventRounds "9"]
[EventCountry "ESP"]
[Source "lmi"]
[SourceDate "2012.12.01"]

1. d4 Nf6 2. c4 e6 3. Nf3 b6 4. Nc3 Bb7 5. Qc2 Be7 6. Bd2 O-O 7. e4 c5 8. d5
Na6 9. O-O-O d6 10. h4 Ng4 11. Bg5 Nc7 12. Bxe7 Qxe7 13. Bd3 e5 14. g3 Qf6 15.
Qe2 Bc8 16. Rdf1 Bd7 17. Ng5 Qh6 18. f4 a6 19. f5 Nf6 20. Kb1 Rfb8 21. g4 b5
22. cxb5 Nxb5 23. Nxb5 Bxb5 24. Bxb5 Rxb5 25. Rfg1 Rab8 26. b3 a5 27. Kc2 a4
28. Rb1 axb3+ 29. axb3 Rb4 30. Kc3 c4 31. Qg2 Nd7 32. Rh3 Qf6 33. Nf3 cxb3 34.
g5 Qd8 35. Nd2 Qa5 36. Nc4 Qc5 37. g6 Qd4# 0-1

[Event "14. Abierto de la Constitucion"]
[Site "San Sebastian delos Reyes ESP"]
[Date "2012.12.02"]
[Round "2.16"]
[White "Lozano Sanchez, Jose Antonio"]
[Black "Hernandez Ramos, Alberto"]
[Result "1-0"]
[WhiteElo "1893"]
[BlackElo "1425"]
[PlyCount "69"]
[EventDate "2012.12.01"]
[EventType "swiss"]
[EventRounds "9"]
[EventCountry "ESP"]
[Source "lmi"]
[SourceDate "2012.12.01"]

1. e4 d5 2. exd5 Qxd5 3. Qf3 Nf6 4. Nc3 Qxf3 5. Nxf3 Nc6 6. Bb5 Bd7 7. a3 a6 8.
Bc4 e5 9. Ng5 Nd8 10. d3 h6 11. Nf3 Nc6 12. h3 b5 13. Nd5 Nxd5 14. Bxd5 Bd6 15.
O-O O-O 16. b3 Rab8 17. Bb2 Ne7 18. c4 c6 19. Bxe5 Bxe5 20. Nxe5 Be8 21. Bf3 f6
22. Ng4 bxc4 23. bxc4 Bg6 24. Rfe1 Kf7 25. Be4 Rb3 26. Re3 h5 27. Bxg6+ Nxg6
28. d4 Rb2 29. Nh2 Rc2 30. c5 Rd8 31. Nf3 Ne7 32. Rb1 Nd5 33. Rb7+ Kg6 34. Nh4+
Kg5 35. Rxg7+ 1-0

[Event "14. Abierto de la Constitucion"]
[Site "San Sebastian delos Reyes ESP"]
[Date "2012.12.02"]
[Round "2.17"]
[White "Bachiller Corral, Jose Maria"]
[Black "Barroso Barroso, Jorge"]
[Result "0-1"]
[WhiteElo "1366"]
[BlackElo "1853"]
[PlyCount "52"]
[EventDate "2012.12.01"]
[EventType "swiss"]
[EventRounds "9"]
[EventCountry "ESP"]
[Source "lmi"]
[SourceDate "2012.12.01"]

1. e4 e6 2. d4 d5 3. e5 c5 4. c3 Nc6 5. Nf3 Qb6 6. Qc2 cxd4 7. Na3 Bd7 8. Nb5
Nxe5 9. Nxe5 Bxb5 10. Bxb5+ Qxb5 11. cxd4 Ne7 12. Bd2 Rc8 13. Qb3 Qxb3 14. axb3
a6 15. O-O f6 16. Nd3 Nc6 17. Rfc1 Kd7 18. Bc3 Bd6 19. b4 Rhe8 20. Re1 Na7 21.
Bd2 Nb5 22. Bf4 Bxf4 23. Nxf4 Nxd4 24. Rac1 Rxc1 25. Rxc1 e5 26. Nd3 Ne2+ 0-1

[Event "14. Abierto de la Constitucion"]
[Site "San Sebastian delos Reyes ESP"]
[Date "2012.12.02"]
[Round "2.18"]
[White "Martinez Montalvo, Eduardo"]
[Black "Moset Grande, Javier"]
[Result "1-0"]
[WhiteElo "1800"]
[BlackElo "1767"]
[PlyCount "91"]
[EventDate "2012.12.01"]
[EventType "swiss"]
[EventRounds "9"]
[EventCountry "ESP"]
[Source "lmi"]
[SourceDate "2012.12.01"]

1. e4 e6 2. b3 d5 3. Bb2 dxe4 4. Nc3 Nf6 5. Qe2 Be7 6. g4 h6 7. Bg2 Nc6 8. Nxe4
O-O 9. O-O-O Nxe4 10. Qxe4 Bf6 11. d4 Qd5 12. f4 Qxe4 13. Bxe4 Ne7 14. h4 g6
15. Ne2 Bd7 16. Bxb7 Rab8 17. Be4 Nd5 18. g5 hxg5 19. fxg5 Bg7 20. h5 gxh5 21.
Rxh5 f5 22. Bxd5 exd5 23. Nf4 c6 24. Re1 Rbe8 25. Rhh1 Re4 26. Ng6 Rfe8 27. Ne5
Bxe5 28. Rxe4 dxe4 29. dxe5 Re6 30. Kd2 Rg6 31. Rg1 f4 32. Ke2 Bh3 33. Bc1 f3+
34. Kf2 Rg7 35. Be3 Rd7 36. Rh1 Bf5 37. Rh6 c5 38. Rc6 Rd1 39. Rxc5 Rh1 40. Bf4
Bh3 41. Be3 Rh2+ 42. Kg3 Re2 43. Bd4 Bg2 44. e6 Bf1 45. e7 Rg2+ 46. Kf4 1-0

[Event "14. Abierto de la Constitucion"]
[Site "San Sebastian delos Reyes ESP"]
[Date "2012.12.02"]
[Round "2.20"]
[White "Vukotic Jovsic, Dragan"]
[Black "Herranz Sanchez, Pablo"]
[Result "1-0"]
[WhiteElo "2010"]
[BlackElo "1706"]
[PlyCount "39"]
[EventDate "2012.12.01"]
[EventType "swiss"]
[EventRounds "9"]
[EventCountry "ESP"]
[Source "lmi"]
[SourceDate "2012.12.01"]

1. d4 d5 2. Bf4 Nf6 3. e3 e6 4. Nf3 Nbd7 5. Bd3 Be7 6. Nbd2 O-O 7. Ne5 Nxe5 8.
dxe5 Nd7 9. Qh5 g6 10. Qh6 Re8 11. Nf3 Bf8 12. Qh3 Be7 13. c3 c5 14. Qg3 a6 15.
h4 Kg7 16. h5 b5 17. Bh6+ Kh8 18. hxg6 fxg6 19. Bg7+ Kg8 20. Rxh7 1-0

[Event "14. Abierto de la Constitucion"]
[Site "San Sebastian delos Reyes ESP"]
[Date "2012.12.02"]
[Round "2.21"]
[White "Engelbrecht, Kevin P"]
[Black "Sanchez Ortega, Ruben"]
[Result "1-0"]
[WhiteElo "1702"]
[BlackElo "1798"]
[PlyCount "63"]
[EventDate "2012.12.01"]
[EventType "swiss"]
[EventRounds "9"]
[EventCountry "ESP"]
[Source "lmi"]
[SourceDate "2012.12.01"]

1. e4 e6 2. d3 d5 3. Nd2 Nf6 4. Ngf3 dxe4 5. dxe4 Bb4 6. c3 Bc5 7. Bc4 O-O 8.
O-O Nbd7 9. e5 Ng4 10. Qe2 Nh6 11. Ne4 Nf5 12. Rd1 Bb6 13. Bg5 Qe8 14. Rxd7
Bxd7 15. Nf6+ gxf6 16. Bxf6 h6 17. Qd2 Kh7 18. Ng5+ hxg5 19. Qxg5 Bb5 20. Qh5+
Nh6 21. Bxb5 Qxb5 22. Bg5 Rh8 23. Bxh6 f5 24. Bg5+ Kg8 25. Qg6+ Kf8 26. Qf6+
Kg8 27. Qxe6+ Kf8 28. Be7+ Kg7 29. Qf6+ Kh7 30. Qxf5+ Kg7 31. Qg5+ Kh7 32. Qh5+
1-0

[Event "14. Abierto de la Constitucion"]
[Site "San Sebastian delos Reyes ESP"]
[Date "2012.12.02"]
[Round "2.22"]
[White "Rodriguez Orgaz, Cesar"]
[Black "Hernandez Ramos, David"]
[Result "1-0"]
[WhiteElo "1818"]
[BlackElo "1701"]
[PlyCount "57"]
[EventDate "2012.12.01"]
[EventType "swiss"]
[EventRounds "9"]
[EventCountry "ESP"]
[Source "lmi"]
[SourceDate "2012.12.01"]

1. c4 g6 2. Nf3 Bg7 3. Nc3 d6 4. g3 e5 5. d4 Nd7 6. Bg2 Ne7 7. e4 O-O 8. O-O h6
9. Be3 Kh7 10. dxe5 Nxe5 11. Nxe5 Bxe5 12. Qd2 Bg7 13. Bd4 Nc6 14. Bxg7 Kxg7
15. Nd5 Be6 16. Qc3+ f6 17. Rad1 Ne7 18. Nf4 Bd7 19. c5 Nc8 20. b4 Rb8 21. b5
Qe8 22. a4 Rf7 23. Rfe1 dxc5 24. Qxc5 Nb6 25. e5 fxe5 26. Rxe5 Qg8 27. a5 Na8
28. Bd5 b6 29. Qd4 1-0

[Event "14. Abierto de la Constitucion"]
[Site "San Sebastian delos Reyes ESP"]
[Date "2012.12.02"]
[Round "2.23"]
[White "De Vicente Guijarro, Juan"]
[Black "Garceran Izquierdo, Ruben"]
[Result "1/2-1/2"]
[WhiteElo "1784"]
[BlackElo "1669"]
[PlyCount "122"]
[EventDate "2012.12.01"]
[EventType "swiss"]
[EventRounds "9"]
[EventCountry "ESP"]
[Source "lmi"]
[SourceDate "2012.12.01"]

1. f4 Nf6 2. Nf3 Nc6 3. d3 d5 4. g3 Bg4 5. Bg2 Qd6 6. c3 Bxf3 7. Bxf3 h5 8. e3
O-O-O 9. Qe2 e5 10. b3 exf4 11. gxf4 Re8 12. Kf2 Qd7 13. h3 Bd6 14. Qd2 Kb8 15.
Ba3 Bxa3 16. Nxa3 Qe7 17. Nc2 Rd8 18. Rae1 h4 19. Nd4 Nxd4 20. cxd4 Nh5 21.
Bxh5 Rxh5 22. Qe2 Rf5 23. Kg2 Rd6 24. Rhg1 Re6 25. Qf2 g5 26. Kh1 b6 27. Qd2
gxf4 28. exf4 Rxe1 29. Rxe1 Qf6 30. Rf1 Qxd4 31. Rf3 a5 32. Qf2 Qxf2 33. Rxf2
d4 34. Kg2 a4 35. Kf3 axb3 36. axb3 Rb5 37. Kg4 Rxb3 38. Rf3 c5 39. Kxh4 c4 40.
Kg4 c3 41. Rf1 Rb2 42. Kf5 b5 43. Ke4 b4 44. Kxd4 c2 45. Rc1 b3 46. Kc3 Rb1 47.
Kd2 b2 48. Rxc2 Re1 49. Kxe1 b1=Q+ 50. Kd2 Qh1 51. Rc4 Qxh3 52. Ke2 Kb7 53. Kd2
Kb6 54. Ke2 Kb5 55. Kd2 Qf3 56. Kc2 Qe2+ 57. Kc3 Qe3 58. Kc2 f6 59. Kc3 Qc1+
60. Kd4 Qa1+ 61. Ke3 Qb2 1/2-1/2

[Event "14. Abierto de la Constitucion"]
[Site "San Sebastian delos Reyes ESP"]
[Date "2012.12.02"]
[Round "2.24"]
[White "Garcia Lopez, Fernando"]
[Black "Bachiller Guitian, Eduardo"]
[Result "1-0"]
[WhiteElo "1657"]
[BlackElo "1501"]
[PlyCount "35"]
[EventDate "2012.12.01"]
[EventType "swiss"]
[EventRounds "9"]
[EventCountry "ESP"]
[Source "lmi"]
[SourceDate "2012.12.01"]

1. e4 e6 2. d4 d5 3. Nc3 c5 4. dxc5 Bxc5 5. exd5 exd5 6. Qxd5 Qxd5 7. Nxd5 Kd8
8. Bf4 Na6 9. O-O-O Ke8 10. Bb5+ Kf8 11. Bxa6 bxa6 12. Nc7 Rb8 13. Ne6+ Bxe6
14. Bxb8 Bxf2 15. Nf3 Nf6 16. Rd8+ Ne8 17. Bd6+ Kg8 18. Rxe8# 1-0

[Event "14. Abierto de la Constitucion"]
[Site "San Sebastian delos Reyes ESP"]
[Date "2012.12.02"]
[Round "2.27"]
[White "Sanandres Rivas, Jose Antonio"]
[Black "Cavalle Pulla, Juan"]
[Result "0-1"]
[WhiteElo "1397"]
[BlackElo "1557"]
[PlyCount "62"]
[EventDate "2012.12.01"]
[EventType "swiss"]
[EventRounds "9"]
[EventCountry "ESP"]
[Source "lmi"]
[SourceDate "2012.12.01"]

1. e4 e5 2. Nf3 Nc6 3. Bc4 Bc5 4. b4 Bxb4 5. c3 Bc5 6. O-O Nf6 7. d4 exd4 8.
cxd4 Bb6 9. Qb3 O-O 10. Ba3 d6 11. e5 Nxd4 12. Nxd4 Bxd4 13. Re1 Bxa1 14. Nd2
Bxe5 15. Nf3 Bf4 16. h3 a6 17. Re2 b5 18. g3 bxc4 19. Qxc4 Bh6 20. Nd4 Re8 21.
Nc6 Qd7 22. Nd4 Rxe2 23. Nxe2 Qe6 24. Qc6 Qe4 25. Qxc7 Qxe2 26. Qxd6 Qe1+ 27.
Kg2 Bb7+ 28. f3 Bxf3+ 29. Kxf3 Qe3+ 30. Kg2 Qd2+ 31. Qxd2 Bxd2 0-1

[Event "14. Abierto de la Constitucion"]
[Site "San Sebastian delos Reyes ESP"]
[Date "2012.12.03"]
[Round "3.1"]
[White "Plazuelo Pascual, Juan"]
[Black "Adan Bermudez, Sergio"]
[Result "0-1"]
[WhiteElo "1851"]
[BlackElo "2285"]
[PlyCount "40"]
[EventDate "2012.12.01"]
[EventType "swiss"]
[EventRounds "9"]
[EventCountry "ESP"]
[Source "lmi"]
[SourceDate "2012.12.01"]

1. e4 d6 2. d4 Nf6 3. Nc3 Nbd7 4. Nf3 e5 5. Bc4 Be7 6. O-O O-O 7. Re1 c6 8. a4
b6 9. Bf1 a6 10. Bg5 Qc7 11. Qd2 h6 12. Bh4 Bb7 13. Bg3 b5 14. b4 a5 15. axb5
axb4 16. Na2 c5 17. d5 Ra3 18. c4 Rfa8 19. Qb2 Qa5 20. Re2 b3 0-1

[Event "14. Abierto de la Constitucion"]
[Site "San Sebastian delos Reyes ESP"]
[Date "2012.12.03"]
[Round "3.2"]
[White "Lopez De Turiso, Jose Angel"]
[Black "Marcos Herrero, Francisco"]
[Result "1-0"]
[WhiteElo "2070"]
[BlackElo "1923"]
[PlyCount "35"]
[EventDate "2012.12.01"]
[EventType "swiss"]
[EventRounds "9"]
[EventCountry "ESP"]
[Source "lmi"]
[SourceDate "2012.12.01"]

1. e4 c5 2. Nf3 d6 3. c3 Nf6 4. h3 Nbd7 5. Bd3 b6 6. Bc2 Bb7 7. Qe2 Qc7 8. O-O
Rc8 9. d3 g6 10. Bb3 h6 11. Be3 Bg7 12. Nh4 d5 13. exd5 Nxd5 14. Re1 Nxe3 15.
Qxe3 Qe5 16. Nd2 O-O 17. Nxg6 e6 18. Nxe5 1-0

[Event "14. Abierto de la Constitucion"]
[Site "San Sebastian delos Reyes ESP"]
[Date "2012.12.03"]
[Round "3.3"]
[White "Montiel Miguelez, Manuel"]
[Black "Moreno Ruiz, Javier"]
[Result "0-1"]
[WhiteElo "1900"]
[BlackElo "2492"]
[PlyCount "68"]
[EventDate "2012.12.01"]
[EventType "swiss"]
[EventRounds "9"]
[EventCountry "ESP"]
[Source "lmi"]
[SourceDate "2012.12.01"]

1. e4 e6 2. d4 d5 3. e5 c5 4. c3 Qb6 5. Nf3 Nc6 6. a3 Nh6 7. b4 cxb4 8. cxb4
Nf5 9. Bb2 Bd7 10. Be2 Be7 11. O-O Rc8 12. Qd3 Na5 13. Nbd2 Nc4 14. Nxc4 dxc4
15. Qc3 Qc7 16. Nd2 b5 17. Ne4 Bc6 18. Nc5 Rd8 19. Rad1 h5 20. Qh3 Nh4 21. Qg3
Rh6 22. Qxg7 Bf8 23. Nxe6 Rxe6 24. Qh7 Rh6 25. Qc2 Bxg2 26. f4 Qc6 27. Kf2 Bxf1
28. Rxf1 Qg2+ 29. Ke1 Qd5 30. Kd1 Rg6 31. Bxh5 Rg2 32. Be2 Rxh2 33. f5 Ng2 34.
Qd2 Bh6 0-1

[Event "14. Abierto de la Constitucion"]
[Site "San Sebastian delos Reyes ESP"]
[Date "2012.12.03"]
[Round "3.4"]
[White "Almagro Llamas, Pablo"]
[Black "Lopez Ziegler, Carlos"]
[Result "1-0"]
[WhiteElo "2442"]
[BlackElo "1910"]
[PlyCount "105"]
[EventDate "2012.12.01"]
[EventType "swiss"]
[EventRounds "9"]
[EventCountry "ESP"]
[Source "lmi"]
[SourceDate "2012.12.01"]

1. e4 c5 2. Nf3 e6 3. d4 cxd4 4. Nxd4 Nc6 5. Nc3 Qc7 6. Be3 a6 7. Qd2 Nf6 8. f3
Bb4 9. a3 Be7 10. g4 h6 11. h4 Qg3+ 12. Qf2 Qxf2+ 13. Kxf2 g6 14. Nxc6 dxc6 15.
e5 Nd5 16. Ne4 Nxe3 17. Kxe3 Bd7 18. Rd1 O-O-O 19. b4 Kc7 20. h5 g5 21. c4 a5
22. c5 axb4 23. axb4 Ra8 24. Bc4 Ra4 25. Rb1 Rb8 26. Rhf1 b6 27. Kd4 bxc5+ 28.
bxc5 Bc8 29. Rxb8 Kxb8 30. Rb1+ Kc7 31. Nd6 Ba6 32. Rb6 Bxc4 33. Rb7+ Kd8 34.
Nxc4 f6 35. exf6 Bxf6+ 36. Kd3 Be7 37. Rb8+ Kd7 38. Rh8 Bxc5 39. Rxh6 Rb4 40.
Rh7+ Kd8 41. Ne5 Rd4+ 42. Ke2 Ra4 43. Nf7+ Ke8 44. Nxg5 Ra2+ 45. Kd3 Ra3+ 46.
Kc4 Be7 47. Rh8+ Kd7 48. Rh7 e5 49. h6 Ra8 50. Rg7 Rh8 51. Nf7 Rf8 52. Nxe5+
Kd6 53. Rxe7 1-0

[Event "14. Abierto de la Constitucion"]
[Site "San Sebastian delos Reyes ESP"]
[Date "2012.12.03"]
[Round "3.5"]
[White "Barroso Barroso, Jorge"]
[Black "Rubio Mejia, Luis Ignacio"]
[Result "1/2-1/2"]
[WhiteElo "1853"]
[BlackElo "2432"]
[PlyCount "115"]
[EventDate "2012.12.01"]
[EventType "swiss"]
[EventRounds "9"]
[EventCountry "ESP"]
[Source "lmi"]
[SourceDate "2012.12.01"]

1. e4 c5 2. c4 d6 3. Ne2 Nf6 4. Nbc3 Nc6 5. d4 cxd4 6. Nxd4 g6 7. Be2 Bg7 8.
Be3 O-O 9. O-O Bd7 10. Rc1 Nxd4 11. Bxd4 Bc6 12. f3 a5 13. Qd2 Nd7 14. Be3 Nc5
15. Rfd1 Qb6 16. Nb5 Rfc8 17. b3 Qd8 18. Nd4 Qf8 19. Bd3 Bf6 20. Ne2 h5 21. Nc3
Qg7 22. Be2 Kh7 23. Nd5 Bxd5 24. Qxd5 Rc6 25. Qd2 Qh8 26. Rc2 Bg7 27. Qe1 Bh6
28. Bxh6 Kxh6 29. Qd2+ Kh7 30. Qg5 Rc7 31. Qd5 Qf6 32. Rcd2 Kg7 33. g3 h4 34.
Kg2 Rh8 35. Qd4 hxg3 36. hxg3 Rc6 37. Qxf6+ Kxf6 38. Rd5 b6 39. g4 Ne6 40. Kg3
g5 41. Rf5+ Kg7 42. e5 dxe5 43. Rxe5 Rc5 44. Rdd5 Rh1 45. Rxc5 bxc5 46. Bd3 Ra1
47. Be4 Rxa2 48. Bd5 Nd4 49. Rxe7 Ne2+ 50. Kf2 Nf4+ 51. Ke1 Nxd5 52. cxd5 Rb2
53. Re3 Rb1+ 54. Kd2 a4 55. bxa4 Kf6 56. d6 Rb7 57. Kc3 Rd7 58. Kc4 1/2-1/2

[Event "14. Abierto de la Constitucion"]
[Site "San Sebastian delos Reyes ESP"]
[Date "2012.12.03"]
[Round "3.6"]
[White "Valles Moreno, Ivan"]
[Black "Lozano Sanchez, Jose Antonio"]
[Result "1-0"]
[WhiteElo "2382"]
[BlackElo "1893"]
[PlyCount "73"]
[EventDate "2012.12.01"]
[EventType "swiss"]
[EventRounds "9"]
[EventCountry "ESP"]
[Source "lmi"]
[SourceDate "2012.12.01"]

1. e4 e5 2. Nf3 Nc6 3. Bc4 Bc5 4. c3 d6 5. O-O Bg4 6. d3 Nf6 7. Nbd2 O-O 8. Bb3
h6 9. h3 Be6 10. Re1 Qd7 11. Nf1 Ne7 12. d4 exd4 13. cxd4 Bxb3 14. Qxb3 Bb6 15.
Ng3 Nc6 16. Qd3 Rfe8 17. a3 Rad8 18. b4 d5 19. e5 Ne4 20. Bf4 Nxg3 21. Bxg3 Ne7
22. Bh4 Qe6 23. a4 c6 24. a5 Bc7 25. a6 bxa6 26. Rxa6 Bb6 27. Ra3 Rc8 28. Bxe7
Rxe7 29. Nh4 g6 30. Qd2 Kg7 31. Rf3 Qd7 32. Rf6 Rh8 33. Qd3 Re6 34. Nxg6 Rhe8
35. Nf4 Rxf6 36. Nh5+ Kh8 37. Nxf6 1-0

[Event "14. Abierto de la Constitucion"]
[Site "San Sebastian delos Reyes ESP"]
[Date "2012.12.03"]
[Round "3.7"]
[White "Gonzalez Mateos, Rafael"]
[Black "Santamaria Farran, Pablo"]
[Result "0-1"]
[WhiteElo "2128"]
[BlackElo "1880"]
[PlyCount "66"]
[EventDate "2012.12.01"]
[EventType "swiss"]
[EventRounds "9"]
[EventCountry "ESP"]
[Source "lmi"]
[SourceDate "2012.12.01"]

1. d4 Nf6 2. c3 g6 3. Bg5 Bg7 4. Nd2 d6 5. e4 O-O 6. f4 h6 7. Bh4 Qe8 8. Ngf3
Bg4 9. Qb3 Qc8 10. Bd3 Nh5 11. g3 e5 12. O-O-O exd4 13. cxd4 a5 14. e5 Na6 15.
Bxg6 a4 16. Qc4 b5 17. Bxf7+ Rxf7 18. Qxb5 Kh8 19. Rde1 Rb8 20. Qc4 Rf8 21. a3
Qb7 22. Qc3 c5 23. Kb1 dxe5 24. dxe5 Nc7 25. Rhf1 Nb5 26. Qxc5 Rfc8 27. Qe3 Bf8
28. Nc4 Rxc4 29. Rf2 Nxa3+ 30. Ka1 Rc2 31. Rb1 Rxf2 32. Qxf2 Qb3 33. Rc1 Be6
0-1